000 009400000a22002770004500
001 48730
010 _a972-575-098-5
021 _aPT
_b34176/90
090 _a48730
100 _a20030210d2003 k y0pory5003 ba
101 0 _apor
102 _aPT
200 1 _aNoite de Reis
_fWilliam Shakespear
_gadapt. Charles Lamb e Mary Lamb
_gilust. Cristina Malaquias
210 _aLisboa
_cContexto
_d1990
215 _a32 p
_c18 cm
225 2 _aContos de Shakespeare
_v20
304 _aTítulo original:twelfth night; or, what you will
606 _aLiteratura inglesa
_xConto
675 _a821.111-34"19"
_vBN
_zpor
700 1 _aShakespear
_bWilliam
_f1564-1616
702 1 _926747
_4010
_aLamb
_bCharles
_f1775-1834
702 _926752
_4010
_aLamb
_bMary
_f1764-1847
702 _920253
_4730
_aFonseca
_bClara Garcia da
702 _929403
_4440
_aMalaquias
_bCristina
942 _cMON
_n0
999 _a48730
_bBibliobase - BEBDPPC
_c2019-01-21